Business law : (Record no. 80974)

MARC details
000 -LEADER
fixed length control field 00652nam a22002177a 4500
005 - DATE AND TIME OF LATEST TRANSACTION
control field 20140303154708.0
010 ## - LCCN (DPL NO)
LC control number ENG-108701
020 ## - INTERNATIONAL STANDARD BOOK NUMBER
Terms of availability 275.00
International Standard Book Number 9789380722030
035 ## - SYSTEM CONTROL NUMBER
System control number EN-92234
037 ## - SOURCE OF ACQUISITION
Source of stock number/acquisition DBAD/PUB
082 ## - DEWEY DECIMAL CLASSIFICATION NUMBER
Classification number 346.07
100 ## - MAIN ENTRY--PERSONAL NAME
Personal name Sharma, Ashok
245 ## - TITLE STATEMENT
Title Business law :
Statement of responsibility, etc by Ashok Sharma , Rashmi Arya [and] Anju Gupta
Remainder of title commercial law, business regulatory framework /
250 ## - EDITION STATEMENT
Edition statement 2nd ed
260 ## - PUBLICATION, DISTRIBUTION, ETC. (IMPRINT)
Place of publication, distribution, etc Jaipur
Name of publisher, distributor, etc Ajmera Book
Date of publication, distribution, etc 2012
270 ## - ADDRESS
Address Tripolia Bazar
City Jaipur
Postal code 302002
300 ## - PHYSICAL DESCRIPTION
Extent various pagings
Dimensions 24cm(pbk)
700 ## - ADDED ENTRY--PERSONAL NAME
Personal name Arya, Rashmi
700 ## - ADDED ENTRY--PERSONAL NAME
Personal name Gupta, Anju
942 ## - ADDED ENTRY ELEMENTS (KOHA)
Source of classification or shelving scheme Dewey Decimal Classification
Item type English Books
Call number suffix SHA
Classification part 346.07
Holdings
Withdrawn status Lost status Not for loan Collection code Home library Current library Date acquired Source of acquisition Cost, normal purchase price Full call number Barcode Copy number Cost, replacement price Koha item type
  Lost and Paid For Not For Loan Non-fiction D.B.Act.Division D.B.Act.Division 03/12/2013 DBAD/PUB 275.00 346.07 SHA EN-92234 1 275.00 English Books

© Delhi Public Library
Hit Counter
free hit counter